000 00273nam a22001217a 4500
008 180226b xxu||||| |||| 00| 0 eng d
041 _aeng
080 _a372.1
100 _a25
101 _aEDU
245 _aEAVLUTING FACULTY PERFOMANCE
_cPETER.S
942 _2udc
_cBK
999 _c43505
_d43505